Fictional Places Quiz Stats

 Plays Quiz Updated Nov 12, 2018

Support Sporcle.
Go Orange.
Score 0/30 Timer 07:00
1 Play Today
Hint Location % Correct
Batman’s city of residenceGotham City
85.2%
Home town of 'The Simpsons'Springfield, USA
80.8%
Homeland of Peter Pan, Tinker Bell, the Lost BoysNeverland
77.5%
Home of the 'Flintstones'Bedrock
75.1%
C. S. Lewis' famous realmNarnia
70.3%
Take the Yellow Brick Road to this cityEmerald City
64.5%
Home to The Daily Planet, Lois Lane and SupermanMetropolis
57.8%
The primary setting of 'SpongeBob SquarePants'Bikini Bottom
50.9%
Plato's (or Stargate's) legendary lost islandAtlantis
44.3%
Lando Calrissian's home in 'The Empire Strikes Back'Cloud City
44.2%
Home to Elrond; the Elven outpost in Middle-earthRivendell
32.5%
From 'The Matrix', the last human city on EarthZion
31.8%
Setting of 'The Andy Griffith Show'Mayberry
29.1%
Nations from the novel Gulliver's TravelsLilliput and Blefuscu
24.8%
Texas setting of 'The King of the Hill'Arlen, Texas
22%
Hint Location % Correct
Forrest Gump's home townGreenbow, Alabama
20.6%
Musical about a mysterious Scottish village that appears for only one day every 100 yearsBrigadoon
17.4%
Home of the 'Gilmore Girls'Stars Hollow
17.1%
Home town of 'Buffy the Vampire Slayer'Sunnydale, California
16.1%
Setting of the movie 'It's a Wonderful Life'Bedford Falls
15.2%
Primary setting in the stories of Garrison KeillorLake Wobegon, Minnesota
14.2%
Earthly paradise as described in the novel 'Lost Horizon'Shangri La
11.7%
Home town of Marty McFly in 'Back to the Future'Hill Valley, California
10%
Setting of the show 'Roseanne'Lanford, Illinois
7.8%
Setting of the cartoon 'Tiny Toon Adventures'Acme Acres
7.6%
Setting of the novel 'To Kill a Mockingbird'Maycomb County
5.9%
Suburb of the show 'Neighbours'Erinsborough
4.9%
Setting of the show 'Northern Exposure'Cicely, Alaska
4.4%
BBC Radio's 'The Archers' settingAmbridge
2.9%
'The Hardy Boys' townBayport
1.6%

You're not logged in!

Compare scores with friends on all Sporcle quizzes.
OR
Log In
Forgot?

From the Vault

United States History (A-Z)

by SporcleEXP

History 6m
Most history classes aren't taught in alphabetical order, but here at Sporcle, we like things to be easily sorted.
Remove Ads.
Support Sporcle.
Get the best of Sporcle when you Go Orange. This ad-free experience offers more features, more stats, and more fun while also helping to support Sporcle. Thank you for becoming a member.

Show Comments

Extras

Top Quizzes Today


Score Distribution

Your Account Isn't Verified!

In order to create a playlist on Sporcle, you need to verify the email address you used during registration. Go to your Sporcle Settings to finish the process.

Report this User

Report this user for behavior that violates our Community Guidelines.

Details: